书目信息 |
| 题名: |
南唐书注
|
|
| 作者: | 周开浚 撰 | |
| 分册: | 第六册 | |
| 出版信息: | 北京 文物出版社 1982 |
|
| 页数: | 全一册 | |
| 开本: | 18*13.5cm | |
| 丛书名: | 嘉业堂丛书 | |
| 单 册: | ||
| 中图分类: | K243.2 | |
| 科图分类: | ||
| 主题词: | 中国--历史 | |
| 电子资源: | ||
| ISBN: | ||
| 000 | 00778nam0 2200253 450 | |
| 001 | 0634942719 | |
| 005 | 20061025095021.57 | |
| 010 | @b线装@dCNY80.00(全套) | |
| 100 | @a20061025d1982 km y0chiy0120 ea | |
| 101 | 0 | @achi |
| 102 | @aCN@b110000 | |
| 200 | 1 | @a南唐书注@h第六册@Anan tang shu zhu@f(清)周开浚撰@F(qing)zhou kai jun zhuan |
| 210 | @a北京@c文物出版社@d1982 | |
| 215 | @a全一册@d18*13.5cm | |
| 225 | 2 | @a嘉业堂丛书 |
| 300 | @a第一至第十册为一函,共一函十八卷,书后附《音释》一卷(元代戚光撰),线装 | |
| 300 | @a清吴兴刘氏嘉业堂刊本 | |
| 305 | @a本书为文物出版社1982年7月木板刷印本 | |
| 410 | 0 | @12001 @a嘉业堂丛书 |
| 606 | 0 | @a中国@x历史 |
| 690 | @aK243.2@v3 | |
| 701 | 0 | @a周开浚@Azhou kai jun@4撰 |
| 801 | 0 | @aCN@bPFT@c20061025 |
| 905 | @a10447@dK243.2@e11:6 | |
| 南唐书注.第六册/(清)周开浚撰.-北京:文物出版社,1982 |
| 全一册;18*13.5cm.-(嘉业堂丛书) |
| 第一至第十册为一函,共一函十八卷,书后附《音释》一卷(元代戚光撰),线装.-清吴兴刘氏嘉业堂刊本 |
| ISBN (线装):CNY80.00(全套) |
| ● |
| 相关链接 |
|
|
|
|
正题名:南唐书注
索取号:K243.2/11:6
 
预约/预借
| 序号 | 登录号 | 条形码 | 馆藏地/架位号 | 状态 | 备注 |
| 1 | 0222596 | 202424625 | 古籍典藏专区/ [索取号:K243.2/11:6] | 在馆 | |
| 2 | 0222606 | 202424527 | 古籍典藏专区/ [索取号:K243.2/11:6] | 在馆 |